| 000 | 00626nam a2200217 a 4500 | ||
|---|---|---|---|
| 005 | 20240925065548.0 | ||
| 008 | 991125s1978 mx 000 0 spa u | ||
| 020 | _a968419045X | ||
| 035 | _aUPN01000035699 | ||
| 049 | _aCG | ||
| 050 | 4 | _aH61 L6.38 | |
| 100 | 1 |
_aPopper, Karl R. _q(Karl Raimund), _d1902-1994 _9192 |
|
| 245 | 1 | 3 |
_aLa lógica de las ciencias sociales / _cKarl R. Popper... [et al.] ; tr. por Jacobo Muñoz |
| 260 |
_aMéxico : _bGrijalbo, _c1978 |
||
| 300 | _a88 p | ||
| 440 | 0 |
_aTextos vivos; _v6 |
|
| 650 | 2 |
_aPositivismo _915309 |
|
| 650 | 4 |
_aSociología _95756 |
|
| 904 |
_aAC _b035700 |
||
| 905 | _aLibro | ||
| 999 |
_c35699 _d35699 |
||